000 00558nam a2200157Ia 4500
008 090711s9999 xx 000 0 und d
082 _b38451
100 _aअत्रे प्रल्हाद के.
245 _aसं. घराबाहेर
260 _bनवभारत प्रकाशन
_c1950
600 _aअत्रे प्रल्हाद के.
630 _aसं. घराबाहेर
700 _aअत्रे प्रल्हाद के.
730 _aसं. घराबाहेर
942 _cBOOK
999 _c305216
_d305216